Thinking Through Quality Questioning. Deepening Student Engagement.

Uloženo v:
Podrobná bibliografie
Hlavní autoři: Walsh, Jackie Acree (Autor), Sattes, Beth Dankert (Autor)
Médium: Neznámo
Jazyk:angličtina
Vydáno: Thousand Oaks, California, United States of America: Corwin; A SAGE Company, 2011.
Témata:
Tagy: Přidat tag
Žádné tagy, Buďte první, kdo vytvoří štítek k tomuto záznamu!

MARC

LEADER 00000 a2200000 4500
003 CL-VaPUC
005 20240910120152.0
008 240827t2011 ||||| |||| 00| 0 eng d
999 |c 444302  |d 444300 
020 |a 978-1-4129-8902-2 
040 |c Pontificia Universidad Católica de Valparaíso 
082 |2 22  |a 370.152 ACR 2011 
100 |a Walsh, Jackie Acree  |e author  |9 890393 
245 |a Thinking Through Quality Questioning.   |b Deepening Student Engagement.  
260 |a Thousand Oaks, California, United States of America:  |b Corwin;   |b A SAGE Company,   |c 2011. 
300 |a xiv, 193 páginas.  
583 |k Yessy Díaz V.  |c 20240827 
650 0 |9 455560  |a Pensamiento crítico  |x Estudiantes  
650 0 |9 355029  |a Aprendizaje activo  |x Prácticas docentes  
650 0 |9 890849  |a Aprendizaje cognitivo  |x Cuestionamiento   |x Métodos de enseñanza  
700 |9 890816  |a Sattes, Beth Dankert   |e author 
942 |2 ddc  |c BK 
952 |0 0  |1 0  |2 ddc  |4 0  |6 370_152000000000000_ACR_2011  |7 0  |8 A  |9 596483  |a BIBEDU  |b BIBEDU  |d 2024-08-27  |e 3  |g 38038.50  |i 5662506  |o 370.152 ACR 2011  |p 5662506  |r 2024-08-27  |t 2  |v 38038.50  |w 2024-08-27  |y BK  |k LIT 
952 |0 0  |1 0  |2 ddc  |4 0  |6 370_152000000000000_ACR_2011  |7 0  |8 A  |9 596484  |a BIBEDU  |b BIBEDU  |d 2024-08-27  |e 3  |g 38038.50  |i 5662505  |o 370.152 ACR 2011  |p 5662505  |r 2024-08-27  |t 1  |v 38038.50  |w 2024-08-27  |y BK  |k LIT